00478nam a2200157Ia 4500008004100000020001400041082001600055100002400071245007100095250000700166260004000173300002900213500000700242600002100249650005000270240925s9999 xx 000 0 und d a790612143 a005.133 THO aThomas , E. Leonik 0aHome Automation Basic: practical applications using visual basic 6 aNA aNew Delhi:bCBS Publicationc,2000. axxix,795p.bNAfOriginal aNA aComputer Science aComputer science, information & general works